[Event "Tourn. n8380"]
[Site "www.chess-mail.com"]
[Date "2015.10.31"]
[Round "1"]
[White "Yangqi"]
[Black "Ericleo1980"]
[WhiteElo "2490"]
[BlackElo "2330"]
[Result "1-0"]
[Round "1"]
1.e4 c5
2.a3 d6
3.b4 Ng8f6
4.Nb1c3 Nb8d7
5.Ng1f3 a6
6.d4 cxd4
7.Qd1xd4 e6
8.Bf1e2 Qd8b6
9.Qd4xb6 Nd7xb6
10.Bc1e3 Nb6d7
11.O-O b6
12.b5 Bf8e7
13.Nf3d4 Nd7c5
14.f3 Bc8d7
15.bxa6 O-O
16.Rf1b1 Rf8b8
17.Nc3a2 Nc5xa6
18.Be2xa6 Ra8xa6
19.Na2b4 Ra6a8
20.Nb4c6 Bd7xc6
21.Nd4xc6 Rb8b7
22.Nc6xe7 Rb7xe7
23.Rb1xb6 Re7c7
24.Rb6xd6 Rc7xc2
25.a4 Nf6e8
26.Rd6b6 e5
27.a5 Ne8c7
28.a6 Ra8d8
29.a7 Nc7a8
30.Rb6b8 Rc2c8
31.Rb8xc8 Rd8xc8
32.Ra1b1 Kh8
33.Rb1b8 Rc8g8
34.Be3b6 { resign }
1-0

[Event "Match"]
[Site "www.echecsemail.com"]
[Date "2015.10.31"]
[Round "1"]
[White "Carlosto"]
[Black "Rocio"]
[WhiteElo "1540"]
[BlackElo "1879"]
[Result "0-1"]
[Round "1"]
1.d3 e5
2.Ng1f3 Nb8c6
3.e4 Bf8c5
4.Bc1g5 Ng8e7
5.Nb1d2 d5
6.Nd2b3 Bc5b6
7.Qd1e2 Bc8g4
8.O-O-O O-O
9.h3 Bg4e6
10.h4 f6
11.Bg5e3 d4
12.Be3d2 a5
13.g3 a4
14.Bf1h3 Be6xb3
15.cxb3 axb3
16.Bh3e6 Kh8
17.Be6xb3 Nc6a5
18.Bb3e6 Qd8d6
19.Bd2xa5 Ra8xa5
20.Be6c4 Rf8a8
21.h5 Ne7c6
22.Nf3d2 Nc6b4
23.h6 g6
24.a3 Nb4c6
25.Qe2f3 Bb6c5
26.Nd2b3 Ra5a7
27.Nb3xc5 Nc6a5
28.Bc4d5 Qd6xc5
29.Kd2 Ra8f8
30.Rd1c1 Qc5d6
31.b4 c6
32.Bd5a2 Na5b3
33.Ba2xb3 Ra7xa3
34.Bb3c2 Qd6xb4
35.Kd1 Qb4a5
36.g4 c5
37.g5 Qa5d8
38.Ke1 fxg5
39.Qf3d1 Qd8f6
40.Rh1f1 b5
41.Bc2b1 Rf8c8
42.Rf1g1 c4
43.Qd1g4 Rc8f8
44.Rg1g2 c3
45.Qg4d7 b4
46.Bb1c2 b3
47.Bc2d1 c2
48.Bd1xc2 bxc2
49.Rc1xc2 Ra3a1
50.Ke2 Qf6f3
51.Kd2 Ra1d1
{ resign }
0-1

[Event "Match"]
[Site "www.echecsemail.com"]
[Date "2015.10.31"]
[Round "1"]
[White "Llord"]
[Black "Genius7"]
[WhiteElo "1810"]
[BlackElo "1730"]
[Result "1-0"]
[Round "1"]
1.e4 d6
2.d4 g6
3.d5 Bf8g7
4.Bf1d3 Ng8f6
5.Ng1f3 O-O
6.O-O e6
7.dxe6 Bc8xe6
8.Bc1g5 c6
9.Nb1c3 Qd8c7
10.Rf1e1 Nb8d7
11.Nc3e2 Nd7e5
12.Nf3xe5 dxe5
13.Bg5h4 c5
14.c4 Rf8d8
15.Ne2c1 Be6xc4
16.Qd1f3 Bc4xd3
17.Nc1xd3 c4
18.Nd3b4 Qc7b6
19.Nb4d5 Nf6xd5
20.Bh4xd8 { resign }
1-0

[Event "Match"]
[Site "www.echecsemail.com"]
[Date "2015.10.31"]
[Round "1"]
[White "Norbos"]
[Black "Goosebumps"]
[WhiteElo "1510"]
[BlackElo "1699"]
[Result "0-1"]
[Round "1"]
1.e4 e5
2.d3 Bf8c5
3.Ng1f3 Nb8c6
4.Nb1c3 h6
5.Nc3d5 Ng8f6
6.c4 d6
7.Qd1a4 Bc8d7
8.Qa4b3 Ra8b8
9.Bc1d2 O-O
10.Bf1e2 Bd7g4
 { time }
0-1

[Event "Match"]
[Site "www.echecsemail.com"]
[Date "2015.10.31"]
[Round "1"]
[White "Goosebumps"]
[Black "Hundegana"]
[WhiteElo "1699"]
[BlackElo "2000"]
[Result "1-0"]
[Round "1"]
1.e4 c5
2.Ng1f3 d6
3.Bf1c4 e6
4.Nb1c3 a6
5.d4 Qd8c7
6.dxc5 Qc7xc5
7.Qd1e2 b5
8.Bc1e3 Qc5xc4
9.Qe2xc4 bxc4
10.Nf3d2 Nb8c6
11.Nd2xc4 Ra8b8
12.O-O-O Ng8f6
13.Nc4xd6 Bf8xd6
14.Rd1xd6 Nc6e5
15.Rh1d1 O-O
16.b3 Ne5g4
17.Be3d4 Ng4xh2
18.f3 a5
19.Bd4g1 Nh2xf3
20.gxf3 Nf6h5
21.Bg1c5 h6
22.Nc3e2 Rf8e8
23.c4 e5
24.Rd6d8 Re8xd8
25.Rd1xd8 Kh7
26.Bc5d6 Rb8b6
27.Bd6c7 Rb6g6
28.Rd8xc8 f6
29.Bc7xa5 Rg6g2
30.Kd1 Rg2h2
31.b4 Rh2h1
32.Kd2 Rh1a1
33.Ne2c3 Nh5f4
34.b5 Nf4e6
35.b6 Ne6d4
36.b7 Nd4xf3
37.Ke3 Nf3d4
38.b8Q Ra1e1
39.Kf2 Re1h1
40.Rc8h8 Kg6
41.Qb8e8 Kg5
42.Rh8g8 Rh1h2
43.Kg3 { resign }
1-0

[Event "Match"]
[Site "www.echecsemail.com"]
[Date "2015.10.31"]
[Round "1"]
[White "Ssharp"]
[Black "Bojan"]
[WhiteElo "2240"]
[BlackElo "1960"]
[Result "1-0"]
[Round "1"]
1.e4 e5
2.f4 exf4
3.Ng1f3 c6
4.d4 Ng8f6
5.e5 Nf6d5
6.Bf1c4 Nd5e3
7.Bc1xe3 fxe3
8.O-O d5
9.Bc4d3 Bc8g4
10.Qd1e1 Bf8e7
11.Qe1xe3 h6
12.Nb1c3 b6
13.Qe3f4 Bg4e6
14.Nc3e2 g5
15.Qf4g3 Kd7
16.b3 a5
17.c4 Nb8a6
18.a3 Qd8f8
19.cxd5 Be6xd5
20.e6 Bd5xe6
21.Nf3e5 Ke8
22.Bd3xa6 Ra8xa6
23.Ne5g6 Be7d6
24.Qg3d3 Qf8g7
25.Qd3xa6 fxg6
26.Qa6xb6 Qg7d7
27.Qb6xa5 Ke7
28.b4 Bd6c7
29.Qa5a7 Qd7d6
30.Qa7c5 Kd7
31.Qc5xd6 Bc7xd6
32.Ne2c3 Bd6e7
33.Nc3e4 Be6c4
34.Rf1f2 Ke6
35.Ra1c1 Bc4d5
36.Ne4c5 Kd6
37.a4 Kc7
38.a5 g4
39.Rf2e2 Be7d6
40.Nc5d3 Rh8f8
41.b5 Rf8a8
42.b6 Kb7
43.Rc1c5 Ra8f8
44.Re2e1 h5
45.Re1a1 Bd5e4
46.a6 Kxb6
47.a7 Be4xd3
48.a8Q Rf8xa8
49.Ra1xa8 Bd6xc5
50.dxc5 Kxc5
51.Kf2 Bd3f5
52.Ke3 Kc4
53.g3 c5
54.Kd2 Kd4
55.Ra8d8 Ke4
56.Kc3 Bf5e6
57.Rd8f8 Kd5
58.Rf8f2 Kc6
59.Rf2f6 Kd5
60.Rf6xg6 Be6f7
61.Rg6f6 Bf7e6
62.Rf6f4 Ke5
63.Kd3 Kd5
64.Rf4f8 Ke5
65.Rf8h8 Be6f7
66.Rh8c8 c4
67.Kc3 Kd5
68.Rc8c7 Bf7g8
69.Rc7xc4 Ke5
70.Rc4f4 Ke6
71.Kd4 Bg8h7
72.Rf4f8 Bh7g6
73.Rf8a8 Bg6f7
74.Ke4 Bf7g6
75.Kf4 Bg6d3
76.Kg5 Bd3c2
77.Kxh5 Bc2d1
78.Ra8a5 Bd1f3
79.Ra5g5 Kf6
80.Rg5g8 Kf7
81.Rg8xg4 { resign }
1-0

[Event "Match"]
[Site "www.echecsemail.com"]
[Date "2015.10.31"]
[Round "1"]
[White "Schwiizer"]
[Black "Gimmyg"]
[WhiteElo "2770"]
[BlackElo "2470"]
[Result "1-0"]
[Round "1"]
1.e4 Nb8c6
2.d4 d5
3.exd5 Qd8xd5
4.Ng1f3 Bc8g4
5.Nb1c3 Qd5h5
6.d5 O-O-O
7.Bf1e2 Nc6b4
8.O-O Nb4xd5
9.Nc3b5 a6
10.h3 Bg4xf3
11.Be2xf3 Qh5e5
12.Rf1e1 Qe5f6
13.c4 axb5
14.cxd5 e6
15.a4 b4
16.a5 e5
17.Bc1g5 Qf6xg5
18.a6 Bf8d6
19.Bf3g4 f5
20.Qd1a4 { resign }
1-0

[Event "Match"]
[Site "www.echecsemail.com"]
[Date "2015.10.31"]
[Round "1"]
[White "Cardiff"]
[Black "Hundegana"]
[WhiteElo "1780"]
[BlackElo "1990"]
[Result "1-0"]
[Round "1"]
1.d4 c5
2.dxc5 Qd8a5
3.c3 Qa5xc5
4.Bc1e3 Qc5b5
5.Qd1b3 a6
6.Nb1d2 e6
7.Ng1f3 Ng8f6
8.h3 Nb8c6
9.Nf3d4 Nc6xd4
10.Be3xd4 Bf8e7
11.e4 O-O
12.Bf1xb5 axb5
13.Qb3xb5 h6
14.O-O Nf6e8
15.a3 Ne8d6
16.Qb5e2 b5
17.Qe2g4 f6
18.e5 Nd6f5
19.exf6 Be7xf6
20.Bd4xf6 Rf8xf6
21.Nd2e4 Rf6f8
22.Ra1d1 d5
23.Ne4g3 Nf5xg3
24.fxg3 Rf8xf1
25.Rd1xf1 e5
26.Qg4g6 Bc8d7
27.Rf1f7 { resign }
1-0

[Event "Match"]
[Site "www.echecsemail.com"]
[Date "2015.10.31"]
[Round "1"]
[White "Jhw"]
[Black "Hundegana"]
[WhiteElo "1920"]
[BlackElo "1990"]
[Result "1-0"]
[Round "1"]
1.e4 c5
2.c3 d6
3.b4 cxb4
4.Qd1a4 Nb8c6
5.cxb4 Bc8d7
6.b5 Nc6e5
7.d4 Ne5g6
8.Nb1c3 a6
9.Qa4b4 e6
10.d5 e5
11.g3 Ng8f6
12.f3 h6
13.a4 a5
14.Qb4b3 b6
15.h4 Ra8c8
16.h5 Ng6e7
17.g4 Qd8c7
18.Bc1b2 Qc7c5
19.Ra1c1 Qc5e3
20.Bf1e2 Nf6h7
21.Rc1d1 Qe3f4
22.Ng1h3 Qf4f6
23.Bb2c1 g6
24.hxg6 Ne7xg6
25.Bc1e3 Qf6d8
26.Nh3f2 Nh7f6
27.Nf2d3 h5
28.g5 Nf6g8
29.f4 f6
30.Be2xh5 Ke7
31.f5 Ng6f4
32.Nd3xf4 exf4
33.Be3xf4 Bd7e8
34.g6 Bf8g7
35.Nc3e2 Rc8c7
36.Ne2d4 Be8d7
37.Nd4c6 Bd7xc6
38.dxc6 Ke8
39.Bf4xd6 Rc7a7
40.Qb3e6 Ra7e7
41.Bd6xe7 Qd8xe7
42.Qe6c8 { resign }
1-0

[Event "Match"]
[Site "www.echecsemail.com"]
[Date "2015.10.31"]
[Round "1"]
[White "Chapi"]
[Black "Darknight"]
[WhiteElo "2060"]
[BlackElo "1730"]
[Result "1-0"]
[Round "1"]
1.d4 d5
2.c4 e6
3.cxd5 exd5
4.Ng1f3 h6
5.g3 Bf8d6
6.Bf1g2 c6
7.O-O Ng8f6
8.Nb1c3 Bc8e6
9.Qd1d3 g5
10.e4 dxe4
11.Nc3xe4 Be6d5
12.Ne4xd6 Qd8xd6
13.Bc1d2 Nb8d7
14.Ra1e1 Kd8
15.Nf3e5 Qd6f8
16.Bg2h3 Nd7xe5
17.dxe5 Nf6g8
18.Bd2c3 Ng8e7
19.Re1e3 Qf8g7
20.e6 f6
21.Re3f3 Rh8f8
22.Qd3d4 Ne7g8
23.Rf1e1 Kc7
24.Bc3b4 Rf8e8
25.Rf3c3 Qg7f7
26.exf7 Re8xe1
27.Bh3f1 Bd5xf7
28.Qd4d6 Kc8
29.Qd6f8 Re1e8
30.Bf1h3 Kc7
31.Qf8xf7 Kb6
32.Bb4c5 Ka6
33.Qf7c4 b5
34.Qc4f7 h5
35.Rc3a3 
1-0

[Event "Match"]
[Site "www.echecsemail.com"]
[Date "2015.10.31"]
[Round "1"]
[White "Jhw"]
[Black "Ditto"]
[WhiteElo "1779"]
[BlackElo "1830"]
[Result "0-1"]
[Round "1"]
1.d4 e6
2.e4 Ng8f6
3.f3 d5
4.e5 Nf6g8
5.a3 c5
6.c4 Nb8c6
7.Bc1e3 Ng8e7
8.dxc5 Nc6xe5
9.cxd5 Ne7xd5
10.Be3d4 Ne5c6
11.Bf1b5 Qd8a5
12.Nb1c3 Nd5xc3
13.Bb5xc6 bxc6
14.bxc3 Bc8a6
15.Ng1e2 Ra8d8
16.O-O Bf8xc5
17.Rf1e1 O-O
18.Qd1c2 Ba6xe2
19.Re1xe2 Bc5xd4
20.cxd4 Rd8xd4
21.Qc2xc6 Rd4d5
22.Re2e3 Qa5d2
23.Ra1e1 a5
24.Re3e2 Qd2d4
25.Kf1 Qd4d3
26.Kg1 Qd3xa3
27.Re2xe6 Rd5c5
28.Qc6e8 fxe6
29.Qe8xe6 Kh8
30.Qe6e7 Rc5c3
31.Qe7e8 a4
32.Re1e7 Qa3c5
33.Kf1 Rc3c1
34.Ke2 Rc1c2
35.Kd3 Qc5c4
{ resign }
0-1

[Event "Match"]
[Site "www.echecsemail.com"]
[Date "2015.10.31"]
[Round "1"]
[White "Pare123"]
[Black "Jhw"]
[WhiteElo "2000"]
[BlackElo "1920"]
[Result "0-1"]
[Round "1"]
1.c4 c5
2.Nb1c3 g6
3.f4 e5
4.fxe5 Qd8h4
5.g3 Qh4xc4
6.e4 Qc4e6
7.Ng1f3 Qe6g4
8.Bf1g2 Ng8e7
9.O-O a6
10.d4 cxd4
11.Qd1xd4 b5
12.e6 f6
13.Qd4xf6 Rh8g8
14.Nf3e5 Qg4xe6
15.Qf6xe6 dxe6
16.Bc1g5 Nb8d7
17.Ne5xd7 Bc8xd7
18.Ra1d1 Ne7c6
19.e5 Bf8c5
20.Kh1 Ra8c8
21.Nc3e4 Bc5e7
22.Bg5xe7 Kxe7
23.Ne4f6 Rg8d8
24.Nf6xh7 Nc6xe5
25.Rf1f2 Ne5g4
26.Rf2d2 Ng4e3
27.Rd1e1 Ne3xg2
28.Rd2xg2 Bd7c6
29.Kg1 Bc6xg2
30.Kxg2 Rc8c2
31.Kh3 Rd8h8
{ resign }
0-1

[Event "1/8 Finale"]
[Site "www.chess-mail.com"]
[Date "2015.10.31"]
[Round "1"]
[White "Asoka"]
[Black "Hwj"]
[WhiteElo "2670"]
[BlackElo "2780"]
[Result "0-1"]
[Round "1"]
1.d4 Ng8f6
2.c4 e6
3.Nb1c3 Bf8b4
4.e3 b6
5.Bf1d3 Bc8b7
6.f3 c5
7.Ng1e2 cxd4
8.exd4 O-O
9.O-O Bb4e7
10.Ne2f4 Nb8c6
11.Bc1e3 Ra8c8
12.Ra1c1 Rf8e8
13.Rf1e1 e5
14.Nf4e2 exd4
15.Ne2xd4 Nc6e5
16.Be3f2 Be7f8
17.Bd3f1 Ne5xc4
18.Re1xe8 Nf6xe8
19.Nc3b5 Ne8d6
20.b3 Nc4e5
21.Rc1xc8 Nd6xc8
22.Qd1e1 Qd8e7
23.Qe1c1 Ne5c6
24.Nd4f5 Qe7f6
25.Nf5e3 Nc8d6
26.Nb5c3 Nc6e5
27.Ne3d5 Qf6e6
28.Qc1d1 Nd6e8
29.Qd1d2 Ne8f6
30.Nd5xf6 Qe6xf6
31.Bf2d4 Qf6f5
32.Qd2e2 Ne5c6
33.Bd4f2 g6
34.Nc3b5 d5
35.Qe2d2 Bf8b4
36.Qd2c1 Qf5d7
37.Qc1f4 Bb4f8
38.h3 h5
39.g4 hxg4
40.fxg4 d4
41.Qf4c7 Qd7xc7
42.Nb5xc7 Nc6e5
43.Bf2g3 Ne5f3
44.Kf2 Bf8h6
45.Bf1g2 Bh6e3
46.Ke2 Nf3g1
47.Kf1 d3
48.Bg2xb7 d2
49.Bb7f3 Ng1xf3
50.Ke2 Nf3g1
51.Kd1 Ng1xh3
52.Nc7d5 Be3g5
53.Ke2 f5
54.gxf5 gxf5
55.Bg3b8 a6
56.Nd5c3 b5
57.Nc3b1 Nh3g1
58.Kd1 Ng1f3
59.Nb1c3 Kf7
60.Nc3d5 Nf3e1
61.Bb8f4 Bg5xf4
62.Nd5xf4 Ne1f3
63.Nf4d5 a5
64.Ke2 Kg6
65.b4 a4
66.Nd5c3 Nf3d4
67.Kxd2 Kf6
68.Kd3 Ke5
69.Ke3 Nd4c2
70.Kd2 Nc2a3
71.Ke3 f4
72.Kd3 f3
73.Ke3 f2
74.Kxf2 Kd4
75.Nc3e2 Kd3
76.Ke1 Kc2
77.Ne2d4 Kc3
78.Nd4c6 Na3c2
79.Kd1 Kb2
80.Kd2 a3
{ resign }
0-1

[Event "1/16 Finale"]
[Site "www.chess-mail.com"]
[Date "2015.10.31"]
[Round "1"]
[White "Hennie4820"]
[Black "Vega"]
[WhiteElo "1960"]
[BlackElo "2580"]
[Result "0-1"]
[Round "1"]
1.e4 c5
2.Ng1f3 Nb8c6
3.d4 cxd4
4.Nf3xd4 e5
5.Nd4b5 d6
6.c4 Bf8e7
7.Nb1c3 a6
8.Nb5a3 f5
9.Bf1d3 f4
10.O-O Ng8f6
11.f3 O-O
12.Nc3d5 Nf6xd5
13.cxd5 Nc6d4
14.Bc1d2 b5
15.Na3c2 Nd4xc2
16.Qd1xc2 Qd8b6
17.Kh1 Bc8d7
18.Rf1c1 Rf8c8
19.Qc2d1 Be7h4
20.Bd2e1 Bh4xe1
21.Qd1xe1 Qb6d4
22.Qe1e2 Rc8c5
23.Rc1xc5 Qd4xc5
24.Qe2d2 Ra8c8
25.h3 Qc5d4
26.Qd2e2 g5
27.Ra1d1 Kg7
28.Kh2 h6
29.Bd3b1 Qd4c5
30.a3 Kg6
31.Bb1d3 h5
32.Rd1d2 g4
33.Rd2c2 g3
34.Kh1 Qc5b6
35.Rc2xc8 Bd7xc8
36.Qe2c2 Qb6e3
37.Qc2d1 Bc8xh3
38.gxh3 Qe3f2
39.Qd1g1 Qf2xf3
40.Qg1g2 Qf3xd3
41.Kg1 Qd3e3
42.Kf1 Qe3c1
43.Ke2 Qc1c2
44.Kf1 Qc2d1
{ resign }
0-1

[Event "1/16 Finale"]
[Site "www.chess-mail.com"]
[Date "2015.10.31"]
[Round "1"]
[White "Chessmith19"]
[Black "Manolinex"]
[WhiteElo "2590"]
[BlackElo "2800"]
[Result "0-1"]
[Round "1"]
1.e4 e5
2.Bf1b5 c6
3.Bb5e2 d5
4.Ng1f3 dxe4
5.Nf3xe5 Bf8d6
6.d4 Ng8f6
7.Bc1g5 h6
8.Bg5h4 Nb8d7
9.Ne5c4 Bd6e7
10.Nb1d2 O-O
11.O-O g5
12.Bh4g3 Nf6d5
13.h3 f5
14.a4 f4
15.Bg3h2 Nd7f6
16.c3 Bc8f5
17.Rf1e1 Kg7
18.Ra1c1 Rf8e8
19.Nc4e5 Be7d6
20.Nd2c4 Bd6c7
21.Qd1c2 Qd8b8
22.b4 Nd5b6
23.b5 Nb6xc4
24.Ne5xc4 Re8e7
25.Qc2b2 Qb8e8
26.Kh1 Nf6d5
27.Be2f1 Ra8d8
28.Qb2a3 Bf5g6
29.Qa3c5 Nd5b6
30.Qc5a3 Nb6xc4
31.Bf1xc4 Qe8d7
32.Qa3a2 Bc7a5
33.Bc4e2 Qd7d5
34.Qa2a3 Rd8e8
35.Be2g4 Ba5c7
36.Qa3b4 h5
37.Bg4d1 g4
38.Bd1c2 Qd5f5
39.Qb4c5 Qf5xc5
40.dxc5 e3
41.Bh2g1 g3
42.fxg3 fxg3
43.b6 axb6
44.Bc2d1 e2
{ resign }
0-1

[Event "1/128 Finale"]
[Site "www.chess-mail.com"]
[Date "2015.10.31"]
[Round "1"]
[White "Yvan"]
[Black "Cardiff"]
[WhiteElo "999"]
[BlackElo "1780"]
[Result "1/2-1/2"]
[Round "1"]
1.e4 e6
2.d4 d5
3.Nb1d2 Nb8c6
4.Ng1f3 dxe4
5.Nd2xe4 Bf8e7
6.c3 Ng8f6
7.Bf1d3 Nf6xe4
8.Bd3xe4 Be7f6
9.Qd1c2 h6
10.Bc1f4 O-O
11.O-O Nc6e7
12.Ra1d1 Ne7d5
13.Bf4g3 c6
14.Rf1e1 Rf8e8
15.Be4h7 Kh8
16.Nf3e5 Bf6xe5
17.Bg3xe5 Nd5f6
{ draw }
1/2-1/2

[Event "Eq:Angolana Scacchi-Clubul Central de Sah : "]
[Site "www.chess-mail.com"]
[Date "2015.10.31"]
[Round "1"]
[White "Calulalb"]
[Black "Capitaine"]
[WhiteElo "2730"]
[BlackElo "2380"]
[Result "1-0"]
[Round "1"]
1.e4 c5
2.Ng1f3 d6
3.d4 cxd4
4.Nf3xd4 Ng8f6
5.Nb1c3 g6
6.Bc1e3 Bf8g7
7.f3 O-O
8.Qd1d2 Nb8c6
9.O-O-O Nc6xd4
10.Be3xd4 Bc8e6
11.Kb1 Ra8c8
12.h4 h5
13.a3 a6
14.g4 Rf8e8
15.Nc3d5 Be6xd5
16.exd5 b5
17.Bf1d3 Qd8d7
18.Bd4xf6 exf6
19.gxh5 gxh5
20.Rh1g1 Kh8
21.Rg1g2 Re8g8
22.Qd2f4 Rc8c5
23.Rd1g1 { resign }
1-0

[Event "Tourn. n8443"]
[Site "www.chess-mail.com"]
[Date "2015.11.01"]
[Round "1"]
[White "Gatrooper"]
[Black "Dulap"]
[WhiteElo "1630"]
[BlackElo "1639"]
[Result "0-1"]
[Round "1"]
1.e4 c5
2.c4 Nb8c6
3.Ng1f3 d6
4.h3 g6
5.a3 Bf8g7
6.d3 Qd8b6
7.Nb1c3 Ng8f6
8.Nc3b5 O-O
9.Nf3g5 Bc8d7
10.Bc1e3 Nc6e5
11.b4 Bd7xb5
12.cxb5 Qb6xb5
13.d4 Ne5c4
14.Ra1c1 Nc4xe3
15.fxe3 c4
16.Bf1xc4 Qb5xg5
17.g4 Qg5xe3
18.Bc4e2 Qe3xe4
19.Rh1h2 Ra8c8
20.Rh2f2 Rc8xc1
21.Qd1xc1 Qe4xd4
22.g5 Nf6e4
23.Rf2f1 Bg7e5
24.Be2d3 Qd4xd3
25.Qc1d1 Be5c3
26.Qd1d2 Qd3xd2
{ resign }
0-1

[Event "Tourn. n8449"]
[Site "www.chess-mail.com"]
[Date "2015.11.01"]
[Round "1"]
[White "Bojan"]
[Black "Mitja"]
[WhiteElo "2100"]
[BlackElo "1970"]
[Result "0-1"]
[Round "1"]
1.c3 d5
2.Ng1f3 e6
3.e3 a6
4.c4 dxc4
5.Bf1xc4 Ng8f6
6.Nf3e5 Nb8c6
7.Ne5xc6 bxc6
8.Nb1c3 Bc8b7
9.Qd1c2 Ra8b8
10.d4 Bf8e7
11.Qc2e2 Rb8a8
12.b3 Nf6d5
13.Bc1b2 Nd5xc3
14.Bb2xc3 Be7f6
15.Bc3b4 Bf6e7
16.Qe2d2 O-O
17.Bb4c3 Be7f6
18.Bc4d3 Qd8d7
19.Ra1d1 Rf8d8
20.Bd3e4 Ra8b8
21.Qd2c2 h6
22.O-O Qd7e7
23.Qc2e2 Rb8a8
24.Qe2f3 Ra8b8
25.Be4xc6 Bb7xc6
26.Qf3xc6 Rb8a8
27.Rd1d3 Ra8b8
28.Qc6c4 Qe7d6
29.Rf1d1 Qd6a3
30.Rd3d2 Qa3d6
31.e4 Bf6g5
32.Rd2e2 Rd8c8
33.d5 exd5
34.Rd1xd5 Qd6b6
35.Rd5d7 Qb6g6
36.f3 Bg5f6
37.Rd7xc7 Rc8d8
38.Rc7c6 Qg6g5
39.Bc3xf6 gxf6
40.Rc6xa6 Rd8d1
41.Kf2 Qg5h4
42.Ke3 Qh4xh2
43.Ra6xf6 Rb8d8
44.Rf6xf7 Rd8d3
45.Kf2 Qh2h4
{ resign }
0-1

[Event "Tourn. n8404"]
[Site "www.chess-mail.com"]
[Date "2015.11.01"]
[Round "1"]
[White "Xkafi"]
[Black "Scasan55"]
[WhiteElo "2060"]
[BlackElo "2060"]
[Result "0-1"]
[Round "1"]
1.e4 c5
2.Bf1c4 e6
3.Nb1c3 Nb8c6
4.Qd1g4 Nc6e5
5.Qg4e2 Ne5xc4
6.Qe2xc4 d6
7.Ng1f3 Ng8f6
8.d3 Bf8e7
9.h3 O-O
10.O-O a6
11.e5 dxe5
12.Nf3xe5 Qd8c7
13.Bc1f4 Be7d6
14.Rf1e1 b5
15.Nc3xb5 axb5
16.Qc4xb5 Bc8d7
17.Qb5c4 Nf6d5
18.Bf4g3 f6
19.Ne5xd7 Qc7xd7
20.Bg3h4 Ra8a4
21.Qc4b3 Ra4xh4
22.Re1e4 Rh4xe4
23.dxe4 Nd5b4
24.a3 Nb4c6
25.Qb3c4 Rf8b8
26.b3 Nc6e5
27.Qc4e2 Qd7c6
28.Ra1d1 Bd6c7
29.f4 Ne5g6
{ resign }
0-1

[Event "Tourn. n8404"]
[Site "www.chess-mail.com"]
[Date "2015.11.01"]
[Round "1"]
[White "Norlavuaram"]
[Black "Xkafi"]
[WhiteElo "2130"]
[BlackElo "2040"]
[Result "1-0"]
[Round "1"]
1.e4 e5
2.Ng1f3 Nb8c6
3.Bf1b5 Qd8f6
4.Nb1c3 a6
5.Bb5a4 Nc6b4
6.O-O Bf8c5
7.a3 Nb4c6
8.Nc3d5 Qf6d6
9.c3 Ng8f6
10.d4 Bc5b6
11.Nd5xb6 cxb6
12.Ba4xc6 bxc6
13.Nf3xe5 O-O
14.Qd1c2 Qd6e6
15.Rf1e1 d5
16.exd5 cxd5
17.Bc1d2 Nf6e4
18.f3 Ne4xd2
19.Qc2xd2 a5
20.Re1e2 Bc8a6
21.Ne5d3 Qe6g6
22.Nd3e5 Qg6f5
23.Re2e3 Rf8e8
24.Ra1e1 Re8e6
25.Ne5g4 Ra8e8
26.Re3xe6 Re8xe6
27.Ng4e3 Qf5f4
28.Qd2f2 Qf4g5
29.h4 Qg5f4
30.Ne3xd5 Qf4f6
31.Nd5xf6 { resign }
1-0

[Event "Tourn. n8424"]
[Site "www.chess-mail.com"]
[Date "2015.11.01"]
[Round "1"]
[White "Emerchess"]
[Black "Lino"]
[WhiteElo "1960"]
[BlackElo "2039"]
[Result "0-1"]
[Round "1"]
1.Ng1f3 c5
2.e4 Nb8c6
3.d4 cxd4
4.Nf3xd4 Ng8f6
5.Nb1c3 e5
6.Nd4f3 Bf8b4
7.Bc1g5 h6
8.Bg5xf6 Bb4xc3
9.bxc3 Qd8xf6
10.Bf1c4 d6
11.O-O O-O
12.Qd1d2 Bc8g4
13.Nf3e1 Rf8d8
14.Ne1d3 Bg4e6
15.Bc4xe6 Qf6xe6
16.Nd3b4 Ra8c8
17.Nb4d5 Nc6e7
18.Qd2d3 Ne7xd5
19.exd5 Qe6d7
20.Ra1b1 Rc8c5
21.Rb1b2 Rd8c8
22.Rb2b3 Qd7c7
23.Rf1b1 b6
24.Rb3a3 Rc5xc3
25.Ra3xc3 Qc7xc3
26.Qd3xc3 Rc8xc3
{ resign }
0-1

[Event "Tourn. n8365"]
[Site "www.chess-mail.com"]
[Date "2015.11.01"]
[Round "1"]
[White "Osopanda"]
[Black "Francesco"]
[WhiteElo "1930"]
[BlackElo "2000"]
[Result "0-1"]
[Round "1"]
1.c4 Ng8f6
2.d4 g6
3.Nb1c3 Bf8g7
4.e4 d6
5.f4 Bc8g4
6.Ng1f3 Nb8d7
7.Bf1e2 O-O
8.O-O c5
9.d5 a6
10.e5 Bg4xf3
11.Be2xf3 dxe5
12.fxe5 Nd7xe5
13.Nc3e4 Nf6xe4
14.Bf3xe4 Ne5xc4
15.Bc1g5 Bg7d4
16.Kh1 Nc4xb2
17.Qd1g4 Nb2c4
18.Ra1e1 Nc4e5
19.Qg4h4 f6
20.Bg5h6 Rf8e8
21.g4 Ne5f7
22.Bh6d2 b5
23.g5 f5
24.Be4g2 e5
25.Qh4g3 e4
26.h4 Qd8xd5
27.h5 Bd4e5
28.Bd2f4 Be5xf4
29.Qg3xf4 Qd5xa2
30.hxg6 hxg6
31.Bg2xe4 Ra8d8
32.Be4xf5 gxf5
33.Re1xe8 Rd8xe8
34.Qf4xf5 Qa2e6
35.Qf5xc5 Qe6h3
36.Kg1 Qh3e3
37.Qc5xe3 Re8xe3
38.Kf2 Re3e5
39.g6 Re5f5
40.Kg2 Rf5xf1
41.Kxf1 Nf7d6
{ resign }
0-1

[Event "Tourn. n8432"]
[Site "www.chess-mail.com"]
[Date "2015.11.01"]
[Round "1"]
[White "Caspito"]
[Black "Cardiff"]
[WhiteElo "1800"]
[BlackElo "1780"]
[Result "1/2-1/2"]
[Round "1"]
1.e4 e5
2.Ng1f3 d6
3.c3 Ng8f6
4.Qd1c2 Bf8e7
5.d4 exd4
6.cxd4 O-O
7.Bf1d3 Nb8c6
8.O-O Nc6b4
9.Qc2b3 Nb4xd3
10.Qb3xd3 c5
11.d5 a6
12.Nb1c3 b5
13.e5 dxe5
14.Nf3xe5 Bc8b7
15.Bc1g5 b4
16.Nc3e4 Nf6xe4
17.Bg5xe7 Qd8xe7
18.Qd3xe4 f6
19.d6 Qe7xe5
20.Qe4xb7 Qe5xd6
21.Ra1d1 Qd6b8
22.Qb7d5 Kh8
23.Qd5xc5 Rf8c8
{ draw }
1/2-1/2

[Event "Tourn. n8388"]
[Site "www.chess-mail.com"]
[Date "2015.11.01"]
[Round "1"]
[White "Heiserman"]
[Black "Eusegon"]
[WhiteElo "2100"]
[BlackElo "2110"]
[Result "1-0"]
[Round "1"]
1.d4 Ng8f6
2.c4 c5
3.d5 b5
4.cxb5 a6
5.bxa6 Bc8xa6
6.Nb1c3 d6
7.e4 Ba6xf1
8.Kxf1 g6
9.Ng1f3 Nb8d7
10.g3 Bf8g7
11.h3 O-O
12.Kg2 Qd8a5
13.Rh1e1 Rf8b8
14.Qd1c2  { time }
1-0

[Event "Tourn. n8352"]
[Site "www.chess-mail.com"]
[Date "2015.11.01"]
[Round "1"]
[White "Seger"]
[Black "Szustan"]
[WhiteElo "2770"]
[BlackElo "2740"]
[Result "1/2-1/2"]
[Round "1"]
1.d4 d5
2.c4 dxc4
3.e3 e6
4.Bf1xc4 c5
5.Ng1f3 Ng8f6
6.O-O a6
7.dxc5 Qd8xd1
8.Rf1xd1 Bf8xc5
9.Bc4e2 O-O
10.Nf3e5 Nb8d7
11.Ne5d3 Bc5e7
12.Bc1d2 b5
13.Be2f3 Ra8b8
14.a3 Bc8b7
15.Bf3xb7 Rb8xb7
16.Bd2b4 Nf6d5
17.Bb4xe7 Nd5xe7
18.Nb1d2 Rb7c7
19.Nd2b3 h6
20.Kf1 Rf8c8
21.Nd3b4 Nd7e5
22.Rd1d6 Ne5c4
23.Rd6xa6 Nc4xb2
24.Nb3d4 Rc7b7
25.Ke2 Nb2c4
26.Ra1c1 e5
27.Nd4b3 Rb7c7
28.Nb3d2 f6
29.Nd2xc4 bxc4
30.Kd2 Rc8d8
31.Kc2 Rc7d7
32.Kb2 Rd8c8
33.Kc3 Ne7d5
{ draw }
1/2-1/2

[Event "Tourn. n8374"]
[Site "www.chess-mail.com"]
[Date "2015.11.01"]
[Round "1"]
[White "Bojan"]
[Black "Osopanda"]
[WhiteElo "1940"]
[BlackElo "1930"]
[Result "1-0"]
[Round "1"]
1.e4 c5
2.Bf1c4 e6
3.e5 d6
4.Ng1f3 dxe5
5.Nf3xe5 Ng8f6
6.Bc4b5 Nb8d7
7.Qd1f3 a6
8.Bb5xd7 Bc8xd7
9.Qf3xb7 Ra8b8
10.Qb7xa6 Bd7b5
11.Qa6a3 Bf8d6
12.Qa3e3 Qd8c7
13.f4 O-O
14.d3 Nf6d5
15.Qe3e4 c4
16.dxc4 Nd5f6
17.Qe4d3 Bb5a6
18.O-O Nf6d5
19.b3 Nd5b4
20.Qd3e2 Rf8d8
21.Nb1d2 Nb4xc2
22.Ra1b1 Nc2d4
23.Qe2e4 Ba6b7
24.Qe4d3 Bd6xe5
25.fxe5 Nd4f5
26.Qd3e2 Qc7c5
27.Kh1 Rd8d4
28.Nd2f3 Rd4e4
29.Qe2d2 h6
30.Bc1b2 Nf5e3
31.Qd2f2 Qc5e7
32.Rf1e1 Ne3g4
33.Qf2g3 Re4xe1
34.Rb1xe1 Bb7xf3
35.Qg3xf3 Qe7h4
36.Qf3g3 Qh4xg3
37.hxg3 Rb8d8
38.Re1a1 Rd8d2
39.Bb2c3 Rd2e2
40.a4 Re2e3
41.Ra1c1 Ng4f2
42.Kg1 Nf2e4
43.Bc3d4 Re3xb3
44.a5 Rb3a3
45.Bd4b6 Ne4xg3
46.Rc1c2 Ng3e4
47.c5 Ra3a1
48.Kh2 Ra1a3
49.c6 Ne4c3
50.c7 Nc3d5
51.c8Q Kh7
52.Rc2f2 { resign }
1-0

[Event "Tourn. n8458"]
[Site "www.chess-mail.com"]
[Date "2015.11.01"]
[Round "1"]
[White "Dulap"]
[Black "Vitoriccardo"]
[WhiteElo "1619"]
[BlackElo "1850"]
[Result "0-1"]
[Round "1"]
1.e4 e6
2.d4 d5
3.Nb1c3 Bf8b4
4.e5 Bc8d7
5.Qd1g4 g6
6.Bc1d2 c5
7.a3 Bb4xc3
8.bxc3 Qd8b6
9.Ng1f3 Nb8c6
10.Bf1d3 c4
11.Bd3e2 Ng8e7
12.Bd2h6 Ne7f5
13.Bh6g5 Qb6b2
14.O-O Qb2xc2
15.Bg5f6 Rh8g8
16.Rf1e1 Qc2xc3
17.Nf3g5 Qc3xd4
{ resign }
0-1

[Event "Tourn. n8335"]
[Site "www.chess-mail.com"]
[Date "2015.11.01"]
[Round "1"]
[White "Tartan"]
[Black "Stepanpech"]
[WhiteElo "2490"]
[BlackElo "2400"]
[Result "1-0"]
[Round "1"]
1.d4 Ng8f6
2.c4 c5
3.d5 b5
4.cxb5 a6
5.bxa6 Bc8xa6
6.Nb1c3 g6
7.e4 Ba6xf1
8.Kxf1 d6
9.g3 Bf8g7
10.Kg2 O-O
11.Ng1f3 Nb8d7
12.Rh1e1 Qd8b6
13.h3 Nf6e8
14.Re1e2 Ne8c7
15.Bc1f4 Qb6b7
16.Qd1d3 f5
17.Bf4g5 fxe4
18.Qd3xe4  { time }
1-0

[Event "Match"]
[Site "www.echecsemail.com"]
[Date "2015.11.01"]
[Round "1"]
[White "Roque1"]
[Black "Darknight"]
[WhiteElo "1560"]
[BlackElo "1690"]
[Result "1-0"]
[Round "1"]
1.e4 e5
2.Ng1f3 d6
3.Bf1c4 h6
4.Nb1c3 c6
5.d4 exd4
6.Qd1xd4 c5
7.Bc4xf7 Ke7
8.Qd4c4 Ng8f6
9.Nf3h4 d5
10.Bf7xd5 Ke8
11.Bd5f7 Kd7
12.Qc4e6 Kc7
13.Nc3b5 
1-0